000 00368nam a22001577a 4500
003 MPLRDC
005 20220104143605.0
008 210129b ||||| |||| 00| 0 eng d
082 _a411.19 CMS
100 _a陈明思 编
245 _a增强脑力五秘诀
_c
260 _a
_b新企业图书
_c
300 _b
650 _a健脑法
942 _cBK
_o411.19 CMS
999 _c41408
_d41398